The Lion's den (Record no. 35611)

MARC details
000 -LEADER
fixed length control field 00259nam a2200109Ia 4500
082 ## - DEWEY DECIMAL CLASSIFICATION NUMBER
Classification number 82-3MB
Item number COO
100 ## - MAIN ENTRY--AUTHOR NAME
Personal name Cooper, Ann
245 #4 - TITLE STATEMENT
Title The Lion's den
260 ## - PUBLICATION, DISTRIBUTION, ETC. (IMPRINT)
Place of publication London
Name of publisher Mills and Boon
Year of publication 1979
942 ## - ADDED ENTRY ELEMENTS (KOHA)
Koha item type Books
Holdings
Withdrawn status Lost status Damaged status Not for loan Home library Current library Date acquired Cost, normal purchase price Full call number Accession Number Koha item type
        RRII Library RRII Library 16/12/2021 3.25 82-3MB COO 16033 Books